logo

Bir Sreshtho Munshi Abdur Rouf Library
Jhenaidah Cadet College

Treasures in Oxford / (Record no. 7092)

MARC details
000 -LEADER
fixed length control field 00705nam a2200241 a 4500
001 - CONTROL NUMBER
JCCL Control Number 7092
003 - CONTROL NUMBER IDENTIFIER
JCCL marc code BD-JhCC
005 - DATE AND TIME OF LATEST TRANSACTION
control field 20180204191152.0
008 - FIXED-LENGTH DATA ELEMENTS--GENERAL INFORMATION
fixed length control field 180204s1951 enkab 000 0 eng d
035 ## - SYSTEM CONTROL NUMBER
system control number (BD-JhCC)7092
040 ## - CATALOGING SOURCE
Original cataloging agency BD-JhCC
Transcribing agency CLU
Modifying agency BD-JhCC
041 ## - LANGUAGE CODE
Language code of Book eng
082 04 - DEWEY DECIMAL CLASSIFICATION NUMBER
Classification number 708.2574
DDC Edition number 18
Author mark and Year WOO 1951
100 1# - MAIN ENTRY--PERSONAL NAME
Personal name Woodward, John,
Dates associated with a name active 1812-1842.
245 10 - TITLE STATEMENT
Title Treasures in Oxford /
Statement of responsibility, etc John Woodward.
260 ## - PUBLICATION, DISTRIBUTION, ETC. (IMPRINT)
Place of publication, distribution, etc London :
Name of publisher, distributor, etc published for the British Council by Longman's Green,
Date of publication, distribution, etc 1951.
300 ## - PHYSICAL DESCRIPTION
Pagination 45 p. :
Other physical details ill., map ;
Dimensions 22 cm.
650 #0 - SUBJECT ADDED ENTRY--TOPICAL TERM
Topical term or geographic name as entry element Art
Geographic subdivision England
-- Oxford.
650 #0 - SUBJECT ADDED ENTRY--TOPICAL TERM
Topical term or geographic name as entry element Art objects
Geographic subdivision England
-- Oxford.
710 2# - ADDED ENTRY--CORPORATE NAME
Corporate name or jurisdiction name as entry element University of Oxford.
942 ## - ADDED ENTRY ELEMENTS (KOHA)
Source of classification or shelving scheme Dewey Decimal Classification
Koha item type Books
Holdings
Source of classification or shelving scheme Damaged status Not for loan Home library Current library Shelving location Total Checkouts Full call number Barcode Date last seen Copy number Koha item type
Dewey Decimal Classification     JCC Rouf Library JCC Rouf Library General Stacks   708.2574 WOO 1951 8831 02/04/2018 C - 1 Books

JCC Library | Contacts | JCC Home

Last Update on 23 September 2017
Copyright @ 2017-2020 JCC Rouf Library
Rouf Library, Jhenidah Cadet College (JCC), Bangladesh